[Event "Budapest FS10 GM"]
[Site "Budapest"]
[Date "1993.??.??"]
[Round "3"]
[White "Liss, Eran"]
[Black "Anic, Darko"]
[Result "1/2-1/2"]
[WhiteElo "2405"]
[BlackElo "2440"]
[PlyCount "113"]
[EventDate "1993.10.??"]
[Source "ChessBase"]

1. e4 e5 2. Nf3 Nc6 3. Bb5 a6 4. Ba4 d6 5. Bxc6+ bxc6 6. d4 f6 7. Nc3 Ne7 8. Be3 Bg4 9. h3 Bh5 10. Qe2 Qb8 11. O-O-O Qb4 12. g4 Bf7 13. h4 h5 14. g5 Ng6 15. gxf6 gxf6 16. Rhg1 Bh6 17. Bxh6 Rxh6 18. Qe3 Nf4 19. b3 Qa3+ 20. Kb1 a5 21. Na4 Qb4 22. dxe5 fxe5 23. Rg5 Rf6 24. Nxe5 dxe5 25. Rxe5+ Be6 26. Nc5 Rd8 27. Rxd8+ Kxd8 28. Qxf4 Rxf4 29. Nxe6+ Kc8 30. Nxf4 Qe1+ 31. Kb2 Qxf2 32. Rxh5 Qxf4 33. Rxa5 Qxh4 34. Ra4 Qf6+ 35. Kb1 Qe5 36. Rc4 Kd7 37. Ra4 Ke6 38. Rc4 Kf6 39. Rxc6+ Kg5 40. a4 Kf4 41. Rh6 Ke3 42. Rh3+ Kd2 43. Rd3+ Ke2 44. Ka2 Qxe4 45. Kb2 Qe5+ 46. Kb1 Qf6 47. Ka2 c5 48. Kb1 c4 49. bxc4 Qc6 50. Kb2 Qxc4 51. Kb1 Qxa4 52. Kb2 Qb5+ 53. Rb3 Qe5+ 54. Kb1 Qf6 55. Rd3 Qf1+ 56. Kb2 Qh1 57. Rb3 1/2-1/2

[Event "FRA-ch"]
[Site "France"]
[Date "1996.??.??"]
[Round "3"]
[White "Chomet, Pascal"]
[Black "Anic, Darko"]
[Result "1/2-1/2"]
[WhiteElo "2385"]
[BlackElo "2455"]
[PlyCount "122"]
[EventDate "1996.??.??"]
[Source "ChessBase"]

1. e4 e5 2. Nf3 Nc6 3. Bb5 a6 4. Ba4 d6 5. Bxc6+ bxc6 6. d4 f6 7. Nh4 Be6 8. O-O Ne7 9. Nc3 Qd7 10. Be3 g6 11. dxe5 fxe5 12. f4 exf4 13. Qd4 Rg8 14. Bxf4 g5 15. Bxg5 c5 16. Qd2 Bc4 17. Nd5 Bxd5 18. Bxe7 Be6 19. Bxf8 Rxf8 20. Rxf8+ Kxf8 21. Rf1+ Kg8 22. Nf5 Qd8 23. Qd3 Qg5 24. h4 Qf6 25. Nxd6 Qxh4 26. Nf5 Qg5 27. Rf3 Qc1+ 28. Kh2 Qxb2 29. c3 Kh8 30. Qe3 Rg8 31. Rf2 Qb6 32. Qf4 Bxf5 33. exf5 Qd6 34. f6 Rf8 35. g3 Qxf4 36. Rxf4 Kg8 37. Kh3 Rb8 38. Rc4 Rb6 39. Rxc5 Rxf6 40. Rxc7 Rf2 41. a4 Ra2 42. Rc4 Kf7 43. Kg4 a5 44. Kf5 Rf2+ 45. Ke5 Re2+ 46. Re4 Ra2 47. Kd5 Ra3 48. Rc4 h5 49. Kc5 Rb3 50. Kd4 Ra3 51. Kc5 Rb3 52. Kd4 Ra3 53. Ke5 Kg6 54. Kf4 Ra1 55. Rc6+ Kf7 56. Kg5 Rg1 57. Rf6+ Ke7 58. Rf3 Rh1 59. Rf5 Rh3 60. Rxa5 Rxg3+ 61. Kxh5 Rxc3 1/2-1/2

[Event "Dresden ZMD op"]
[Site "?"]
[Date "2003.07.25"]
[Round "1"]
[White "Iordachescu Viorel"]
[Black "Reichel Alfred"]
[Result "1-0"]
[WhiteElo "2606"]
[BlackElo "2232"]
[PlyCount "55"]
[EventDate "2003.??.??"]
[Source "www.chesslib.no"]
[SourceDate "2004.05.04"]

1. e4 e5 2. Nf3 Nc6 3. Bb5 a6 4. Ba4 d6 5. Bxc6+ bxc6 6. d4 f6 7. Nc3 Ne7 8. Qd3 Be6 9. Be3 Ng6 10. h4 h5 11. O-O-O Qb8 12. dxe5 fxe5 13. Ng5 Bg8 14. Bd2 Be7 15. Rdf1 Bxg5 16. hxg5 Be6 17. g3 Qb6 18. f4 Bg4 19. Qc4 a5 20. f5 Ne7 21. g6 Rf8 22. Bg5 Qb8 23. Bxe7 Kxe7 24. Qxc6 Ra7 25. Nd5+ Kd8 26. f6 Bd7 27. fxg7 Re8 28. Qc3 1-0

[Event "CRO-Cup"]
[Site "Pula CRO"]
[Date "1992.??.??"]
[Round "2"]
[White "Palac, Mladen"]
[Black "Medancic, Rikard"]
[Result "1-0"]
[WhiteElo "2500"]
[BlackElo "2330"]
[PlyCount "65"]
[EventDate "1992.??.??"]
[Source "www.chesslib.no"]
[SourceDate "2004.05.04"]

1. e4 e5 2. Nf3 Nc6 3. Bb5 a6 4. Ba4 d6 5. Bxc6+ bxc6 6. d4 f6 7. c4 g6 8. Nc3 Ne7 9. Be3 Bg7 10. c5 exd4 11. Qxd4 d5 12. O-O-O O-O 13. exd5 cxd5 14. Nxd5 Be6 15. Nf4 Qc8 16. Qe4 Bf5 17. Qc4+ Rf7 18. Nd4 c6 19. f3 g5 20. Nfe2 Rb8 21. Nc3 a5 22. a3 Bg6 23. Rhe1 Qb7 24. Rd2 Nd5 25. Bf2 Nxc3 26. Qxc3 f5 27. Qxa5 f4 28. Qa4 Rc7 29. Ree2 Kh8 30. Ne6 Ra8 31. Qd1 Rcc8 32. Nxg5 Rxa3 33. Rd8+ 1-0

[Event "URS-ch U26"]
[Site "Riga"]
[Date "1980.??.??"]
[Round "?"]
[White "Kengis, Edvins"]
[Black "Vladimirov, Evgeny"]
[Result "1-0"]
[WhiteElo "2390"]
[BlackElo "2440"]
[PlyCount "35"]
[EventDate "1980.??.??"]
[Source "ChessBase"]

1. e4 e5 2. Nf3 Nc6 3. Bb5 a6 4. Ba4 d6 5. Bxc6+ bxc6 6. d4 f6 7. c4 g6 8. Nc3 Nh6 9. Qa4 Qd7 10. c5 Nf7 11. Be3 exd4 12. Nxd4 dxc5 13. Nf3 Rb8 14. Rd1 Bd6 15. Bxc5 Rxb2 16. Ba3 Rb8 17. e5 Qe7 18. Nd5 1-0

[Event "RUS-ch sf"]
[Site "?"]
[Date "2003.??.??"]
[Round "5"]
[White "Bragin Alexander"]
[Black "Yandemirov Valeri"]
[Result "1/2-1/2"]
[WhiteElo "2357"]
[BlackElo "2469"]
[PlyCount "126"]
[EventDate "2003.??.??"]
[Source "www.chesslib.no"]
[SourceDate "2004.05.04"]

1. e4 e5 2. Nf3 Nc6 3. Bb5 a6 4. Ba4 d6 5. Bxc6+ bxc6 6. d4 f6 7. Be3 Ne7 8. Nc3 Ng6 9. Qe2 Be7 10. O-O-O Be6 11. h4 h5 12. dxe5 fxe5 13. Ng5 Bxg5 14. hxg5 h4 15. g3 hxg3 16. Rxh8+ Nxh8 17. f4 exf4 18. Bxf4 Qe7 19. Qh5+ Kd7 20. Bxg3 Nf7 21. Bf4 Rh8 22. Qe2 Nxg5 23. Qxa6 Bg4 24. Re1 Ne6 25. Be3 Bf3 26. Qd3 g5 27. a4 g4 28. a5 Qh4 29. Rf1 Qh5 30. b4 Rb8 31. a6 Rxb4 32. a7 Qa5 33. e5 c5 34. Qh7+ Kc6 35. Rxf3 gxf3 36. Qg8 Qxa7 37. Qxe6 Qa1+ 38. Kd2 Qh1 39. Qd5+ Kb6 40. exd6 Qh2+ 41. Kd3 cxd6 42. Qxf3 Qh7+ 43. Kd2 Rh4 44. Nd5+ Kb5 45. Bf4 Rh3 46. Qf1+ Kc6 47. Nf6 Rh2+ 48. Bxh2 Qxh2+ 49. Kd1 Qe5 50. Qa6+ Kc7 51. Qa7+ Kc6 52. Qa8+ Kc7 53. Nd5+ Kd7 54. Qa4+ Kd8 55. Qh4+ Kd7 56. Qh3+ Kc6 57. Nc3 Qd4+ 58. Ke2 Qe5+ 59. Qe3 Qh2+ 60. Kd3 c4+ 61. Kxc4 Qxc2 62. Qe8+ Kc7 63. Qe7+ Kc6 1/2-1/2

[Event "Bohemians"]
[Site "Prague"]
[Date "1989.??.??"]
[Round "?"]
[White "Prandstetter, Eduard"]
[Black "Lanc, Alois"]
[Result "1/2-1/2"]
[WhiteElo "2415"]
[BlackElo "2410"]
[PlyCount "30"]
[EventDate "1989.01.??"]
[Source "ChessBase"]

1. e4 e5 2. Nf3 Nc6 3. Bb5 a6 4. Ba4 d6 5. Bxc6+ bxc6 6. d4 f6 7. Nc3 Ne7 8. Be3 Ng6 9. Qd3 Be7 10. dxe5 fxe5 11. Qc4 Bd7 12. O-O-O Bf6 13. Kb1 Qe7 14. Rd2 Rf8 15. h3 h6 1/2-1/2

[Event "RUS-ch sf"]
[Site "?"]
[Date "2003.??.??"]
[Round "9"]
[White "Zaitsev Alexander Jr"]
[Black "Yandemirov Valeri"]
[Result "0-1"]
[WhiteElo "2355"]
[BlackElo "2469"]
[PlyCount "72"]
[EventDate "2003.??.??"]
[Source "www.chesslib.no"]
[SourceDate "2004.05.04"]

1. e4 e5 2. Nf3 Nc6 3. Bb5 a6 4. Ba4 d6 5. Bxc6+ bxc6 6. d4 f6 7. Nc3 Ne7 8. Be3 Ng6 9. Qd2 Be7 10. h4 h5 11. O-O-O Be6 12. dxe5 fxe5 13. Ng5 Bxg5 14. Bxg5 Qb8 15. f3 Qb4 16. Rdg1 Rb8 17. b3 a5 18. Qd3 O-O 19. g3 Qa3+ 20. Kb1 a4 21. Bc1 Qb4 22. Bb2 axb3 23. axb3 c5 24. Nd5 c4 25. Qxc4 Qxc4 26. bxc4 Rxf3 27. Nxc7 Bxc4 28. g4 Rf7 29. gxh5 Nf4 30. h6 Rxc7 31. Rxg7+ Rxg7 32. hxg7 Be2 33. Rg1 Bf3 34. Re1 Ng2 35. Rh1 Bxe4 36. Rd1 Bxc2+ 0-1

[Event "Dresden ZMD op"]
[Site "?"]
[Date "2002.??.??"]
[Round "7"]
[White "Zaragatski Ilja"]
[Black "Gretarsson Helgi Ass"]
[Result "1/2-1/2"]
[WhiteElo "2315"]
[BlackElo "2505"]
[PlyCount "69"]
[EventDate "2002.??.??"]
[Source "www.chesslib.no"]
[SourceDate "2004.05.04"]

1. e4 e5 2. Nf3 Nc6 3. Bb5 a6 4. Ba4 d6 5. Bxc6+ bxc6 6. d4 f6 7. Nh4 g6 8. f4 exf4 9. Bxf4 Bg7 10. O-O Ne7 11. Nf3 h6 12. Qd2 g5 13. Bg3 f5 14. exf5 O-O 15. f6 Rxf6 16. Nc3 Bg4 17. Ne4 Re6 18. Rae1 Bf5 19. Nf2 Rxe1 20. Rxe1 Ng6 21. h3 Qb8 22. Qa5 Bd7 23. h4 gxh4 24. Nxh4 Nxh4 25. Bxh4 Qb6 26. Qxb6 cxb6 27. Re7 Bf5 28. c3 c5 29. d5 Be5 30. a3 b5 31. g4 Bb1 32. Re6 Ba2 33. Ne4 Bxd5 34. Nf6+ Bxf6 35. Rxf6 1/2-1/2

[Event "Commonwealth Ch"]
[Site "Mumbai"]
[Date "2003.04.26"]
[Round "9"]
[White "Thipsay, Praveen M"]
[Black "Hegde, Ravigopal"]
[Result "1/2-1/2"]
[WhiteElo "2463"]
[BlackElo "2354"]
[PlyCount "89"]
[EventDate "2003.04.20"]
[Source "Roberto Alvarez"]
[SourceDate "2003.04.28"]

1. e4 e5 2. Nf3 Nc6 3. Bb5 a6 4. Ba4 d6 5. Bxc6+ bxc6 6. d4 f6 7. Be3 Ne7 8. Nc3 Ng6 9. Qd3 Be6 10. O-O-O Be7 11. Rhg1 O-O 12. h4 exd4 13. Nxd4 Ne5 14. Qe2 Qd7 15. f4 Bc4 16. Qe1 Ng4 17. h5 Rae8 18. f5 Nxe3 19. Qxe3 h6 20. g4 Bf7 21. Nb3 d5 22. Qd4 Rd8 23. Rge1 Rfe8 24. Na4 Bd6 25. Nac5 Qc8 26. exd5 cxd5 27. Qa4 Rxe1 28. Rxe1 Re8 29. Rxe8+ Bxe8 30. Qd4 Bf7 31. Qe3 d4 32. Qxd4 Qa8 33. Ne4 Be5 34. Qd3 Qb7 35. c3 Bxb3 36. axb3 Qxb3 37. Nc5 Qb6 38. Qd8+ Kh7 39. Ne6 Bd6 40. Qe8 Qg1+ 41. Kc2 Qg2+ 42. Kb3 Qd5+ 43. Kc2 Qe4+ 44. Kb3 Qd5+ 45. Kc2 1/2-1/2